000 01109cam a2200349 i 4500
001 40137
003 Mx-PuUPA
005 20251002085024.0
008 140415s1989 mx gr 000 0 spa d
020 _a9684198167
040 _cMx-PuUPA
_aMx-PuUPA
_bspa
_dMx-PuUPA
_erda
041 0 _aspa
043 _as-pe---
100 1 _aGarcía, Alan,
_d1949-2019
_917522
_eautor
245 1 3 _aEl futuro diferente /
_cAlan García
250 _aPrimera edición
264 1 _aMéxico, D.F. :
_bEditorial Grijalbo,
_c1989
300 _a268 páginas ;
_b19 cm
336 _2rdacontent
_atexto
_btxt
337 _2rdamedia
_asin medio
_bn
338 _2rdacarrier
_avolumen
_bnc
490 0 _aPolítica y economía
490 0 _aColección Enlace
651 4 _aPerú
_xCondiciones económicas
651 4 _aPerú
_xPolítica y gobierno
_y1980
651 4 _aPerú
_xHistoria económica
651 4 _aPerú
_xCondiciones Políticas
942 _2ddc
_cLI
_h324.28507
_iG22
999 _c40137
_d40137